Raoul Peck : (Record no. 239625)

MARC details
000 -LEADER
fixed length control field 03508nam a2200457 i 4500
001 - CONTROL NUMBER
control field EBC4085794
005 - DATE AND TIME OF LATEST TRANSACTION
control field 20240121070538.0
006 - FIXED-LENGTH DATA ELEMENTS--ADDITIONAL MATERIAL CHARACTERISTICS
fixed length control field m o d |
007 - PHYSICAL DESCRIPTION FIXED FIELD--GENERAL INFORMATION
fixed length control field cr cnu||||||||
008 - FIXED-LENGTH DATA ELEMENTS--GENERAL INFORMATION
fixed length control field 151016t20152015mdu ob 001 0deng|d
020 ## - INTERNATIONAL STANDARD BOOK NUMBER
Canceled/invalid ISBN 9780739198780 (cloth : alk. paper)
020 ## - INTERNATIONAL STANDARD BOOK NUMBER
International Standard Book Number 9780739198797 (e-book)
035 ## - SYSTEM CONTROL NUMBER
System control number (MiAaPQ)EBC4085794
035 ## - SYSTEM CONTROL NUMBER
System control number (Au-PeEL)EBL4085794
035 ## - SYSTEM CONTROL NUMBER
System control number (CaPaEBR)ebr11125104
035 ## - SYSTEM CONTROL NUMBER
System control number (CaONFJC)MIL849189
035 ## - SYSTEM CONTROL NUMBER
System control number (OCoLC)928017481
040 ## - CATALOGING SOURCE
Original cataloging agency MiAaPQ
Language of cataloging eng
Description conventions rda
-- pn
Transcribing agency MiAaPQ
Modifying agency MiAaPQ
041 1# - LANGUAGE CODE
Language code of text/sound track or separate title eng
Language code of original fre
-- eng
050 #4 - LIBRARY OF CONGRESS CALL NUMBER
Classification number PN1998.3.P42
Item number R37 2015
082 0# - DEWEY DECIMAL CLASSIFICATION NUMBER
Classification number 791.4302/33092
Edition number 23
245 00 - TITLE STATEMENT
Title Raoul Peck :
Remainder of title power, politics, and the cinematic imagination /
Statement of responsibility, etc. edited by Toni Pressley-Sanon and Sophie Saint-Just.
264 #1 - PRODUCTION, PUBLICATION, DISTRIBUTION, MANUFACTURE, AND COPYRIGHT NOTICE
Place of production, publication, distribution, manufacture Lanham [Maryland] :
Name of producer, publisher, distributor, manufacturer Lexington Books,
Date of production, publication, distribution, manufacture, or copyright notice [2015]
264 #4 - PRODUCTION, PUBLICATION, DISTRIBUTION, MANUFACTURE, AND COPYRIGHT NOTICE
Date of production, publication, distribution, manufacture, or copyright notice 2015
300 ## - PHYSICAL DESCRIPTION
Extent 1 online resource (302 pages)
336 ## - CONTENT TYPE
Content type term text
Source rdacontent
337 ## - MEDIA TYPE
Media type term computer
Source rdamedia
338 ## - CARRIER TYPE
Carrier type term online resource
Source rdacarrier
504 ## - BIBLIOGRAPHY, ETC. NOTE
Bibliography, etc. note Includes bibliographical references and index.
505 0# - FORMATTED CONTENTS NOTE
Formatted contents note Introduction / Sophie Saint-Just and Toni Pressley-Sanon -- History is Too Important to Leave to Hollywood: Colonialism, Genocide and Memory in the Films of Raoul Peck / Alyssa Goldstein Sepinwall -- Disrupting conventional film structure: letters, voice-over, and traumatic irruption in Raoul Peck's films / Joelle Vitiello -- "My story is not a nice story": Sometimes in April (2005) and the Rwandan genocide film / Jane M. Bryce -- Framing the dispersal in diaspora: Raoul Peck, transnational filmmaker / Sophie Saint-Just -- On the edge of silence: l(in)-imaginable and gendered representations of the Rwandan genocide from photography to Raoul Peck's Sometimes in April / Myriam J. A. Chancy -- Haitian national identity and gender in Raoul Peck's Moloch tropical / Tama Hamilton-Wray -- Interrogating images: Lumumba: death of a prophet as reflexive autobiographical documentary / Rachel Gabara -- Postcolonialism and the poetics of pragmatism: Raoul Peck's Fatal assistance and Alain Resnais's Hiroshima mon amour / Alessandra Benedicty-Kokken -- "Haiti mon amour" / John P. Walsh -- Lot Bo and Anba Dlo: the dialectics of Raoul Peck's Desounen: dialogue with death / Toni Pressley-Sanon -- Politics, masculinity, and apocalyptic memory in L'homme sur les quais / Martin Munro -- Lessons from the cinema of Raoul Peck / Olivier Barlet; translated by Sophie Saint-Just -- Stolen images or footnotes: keynote address to the 2013 Haitian Studies Association Conference / Raoul Peck; translated by Sophie Saint-Just -- "Beyond help?": address by Raoul Peck, Conference on "Beyond aid: from charity to solidarity", Frankfurt, Germany, February 20, 2014 / Raoul Peck; translated by Alyssa Goldstein Sepinwall.
588 ## - SOURCE OF DESCRIPTION NOTE
Source of description note Description based on print version record.
590 ## - LOCAL NOTE (RLIN)
Local note Electronic reproduction. Ann Arbor, MI : ProQuest, 2015. Available via World Wide Web. Access may be limited to ProQuest affiliated libraries.
600 10 - SUBJECT ADDED ENTRY--PERSONAL NAME
Personal name Peck, Raoul
General subdivision Criticism and interpretation.
655 #4 - INDEX TERM--GENRE/FORM
Genre/form data or focus term Electronic books.
700 1# - ADDED ENTRY--PERSONAL NAME
Personal name Pressley-Sanon, Toni,
Relator term editor.
700 1# - ADDED ENTRY--PERSONAL NAME
Personal name Saint-Just, Sophie,
Relator term editor.
776 08 - ADDITIONAL PHYSICAL FORM ENTRY
Relationship information Print version:
Title Raoul Peck : power, politics, and the cinematic imagination.
Place, publisher, and date of publication Lanham [Maryland] : Lexington Books, [2015]
797 2# - LOCAL ADDED ENTRY--CORPORATE NAME (RLIN)
Corporate name or jurisdiction name as entry element ProQuest (Firm)
856 40 - ELECTRONIC LOCATION AND ACCESS
Uniform Resource Identifier <a href="https://ebookcentral.proquest.com/lib/bacm-ebooks/detail.action?docID=4085794">https://ebookcentral.proquest.com/lib/bacm-ebooks/detail.action?docID=4085794</a>
Public note Click to View

No items available.